000 00467nam a2200157Ia 4500
003 LDD
008 190327s9999 xx 000 0 und d
040 _cLDD
082 _a8S1.09 म6607सं
100 _aमलैया, आशालता
245 0 _aसंस्कृत शतकपरम्परा और आचार्य विद्यासागर के शतक
260 _c1989
300 _a471
942 _2ddc
_cBK
949 _aG008216
999 _c192620
_d192620